MARC

LEADER 00000nas a2200000 a 4500
001 ssj0041811
003 WaSeSS
005 20200512172242.0
006 m d
007 cr n
008 040407c20039999ilufr pss 0 a0eng c
010 |a  2004213082 
022 |a 1549-828X  |l 1549-828X 
035 |a (WaSeSS)ssj0041811 
037 |b Office of Legal Publications, Northwestern University School of Law, 357 East Chicago Avenue, Chicago, IL 60611 
040 |a NSD  |b eng  |c NSD  |d DLC  |d OCLCQ  |d OCLCS  |d CS1  |d CUS  |d MUQ  |d UQ1  |d DOS  |d OCLCQ  |d OCLCF  |d OCLCO  |d OCLCQ  |d WT2  |d UEJ  |d NTG  |d OCLCQ  |d UUM  |d OCLCQ  |d VT2  |d OCLCQ  |d WaSeSS 
042 |a nsdp  |a pcc 
050 0 0 |a JC571 
050 4 |a K3236.3  |b .N4915 
082 1 0 |a 323  |2 13 
222 0 |a Northwestern University journal of international human rights 
245 0 0 |a Northwestern University journal of international human rights  |h [electronic resource] :  |b JIHR. 
246 3 0 |a JIHR 
246 3 0 |a Journal of international human rights 
260 |a Chicago, IL :  |b Northwestern University School of Law,  |c ©2003- 
310 |a Semiannual 
362 0 |a Vol. 1 (fall 2003)- 
500 |a Title from caption (viewed Apr. 7, 2004). 
506 |a License restrictions may limit access. 
538 |a Mode of access: World Wide Web. 
588 1 |a Vol. 6, issue 1 (fall 2007) (viewed May 5, 2008). 
650 0 |a Human rights  |v Periodicals. 
650 6 |a Droits de l'homme (Droit international)  |v Périodiques. 
650 7 |a Human rights.  |2 fast  |0 (OCoLC)fst00963285 
650 7 |a Droit international.  |2 rasuqam 
650 1 7 |a Droits de l'homme.  |2 rasuqam 
655 0 |a Electronic journals. 
710 2 |a Northwestern University (Evanston, Ill.).  |b School of Law. 
856 4 0 |z Full text available from Research Library: 01/01/2014 to 12/31/2015  |u https://search.proquest.com/publication/2034355 
856 4 0 |z Full text available from Research Library: 01/01/2017 to present  |u https://search.proquest.com/publication/2034355